000 00593nam a2200229Ia 4500
003 OSt
005 20220928144047.0
006 a|||||r|||| 00| 0
007 ta
008 220927b |||||||| |||| 00| 0 eng d
024 _a23904
037 _cTextual
040 _aSDCL
_cSDCL
_beng
041 _2eng
_aeng
082 _aO15,1E25,3, L2
100 _aAwasthi Bhramamitr
_9506599
245 0 _aHindi darpdalan.
260 _c1972
700 _a Arora Sushma
_9506600
942 _hO15,1E25,3, L2
_cTEXL
_2CC
999 _c825832
_d825832